000 00380nam a2200133Ia 4500
005 20260328104257.0
008 260328s9999||||xx |||||||||||||| ||und||
100 _aBurbano, Andrea M
245 0 _aLa Ciudad Habitable :
_b Espacio Público Y Sociedad /
_cAndrea M Burbano
260 _bUniversidad Piloto de Colombia
300 _a59 p.
650 _aESPACIO PUBLICO
942 _cBK
999 _c10482
_d10482